|
|
|
|
| LEADER |
01744nam a22003257a 4500 |
| 001 |
40658 |
| 003 |
BD-DhAAL |
| 005 |
20230118160753.0 |
| 008 |
230118r20192013bg ||||| |||| 00| 0 ben d |
| 020 |
|
|
|a 9789845981002
|
| 040 |
|
|
|a BD-DhAAL
|c BD-DhAAL
|
| 041 |
|
|
|a ben
|
| 082 |
|
|
|2 23
|a 891.44371
|
| 100 |
|
|
|a ওয়ালীউল্লাহ, সৈয়দ
|
| 245 |
|
|
|a রচনাবলি /
|c সৈয়দ ওয়ালীউল্লাহ; সৈয়দ আকরাম হোসেন সংকলিত ও সম্পাদিত
|
| 246 |
|
|
|a Rachanavali
|
| 260 |
|
|
|a ঢাকা :
|b চারুলিপি প্রকাশন,
|c ২০১৩ [দ্বিতীয় মুদ্রণ ২০১৯]
|
| 300 |
|
|
|a ৮৭০ পৃষ্ঠা ;
|c ২২ সে.মি.
|
| 500 |
|
|
|a গ্রন্থপঞ্জিগত নির্দেশিকা অন্তভূক্ত
|
| 526 |
|
|
|a GenEd (Residential Campus)
|
| 541 |
|
|
|a Development Book Agency
|e 40658, 40659
|
| 600 |
|
|
|a ওয়ালীউল্লাহ, সৈয়দ,
|d ১৯২২- ১৯৭১
|
| 650 |
|
|
|a Bengali fiction
|z Bangladesh
|
| 650 |
|
|
|a Bengali Literature.
|
| 700 |
|
|
|a হোসেন, সৈয়দ আকরাম
|9 25295
|
| 852 |
|
|
|a Ayesha Abed Library
|c General Stacks
|
| 942 |
|
|
|2 ddc
|c BK
|
| 999 |
|
|
|c 45324
|d 45324
|
| 952 |
|
|
|0 0
|1 0
|2 ddc
|4 0
|6 891_443710000000000_WAL
|7 0
|9 72738
|a SCL
|b SCL
|c GEN
|d 2023-01-05
|e Development Book Agency
|g 808.00
|l 0
|o 891.44371 WAL
|p 3020040658
|r 2026-04-23
|t 1
|v 808.00
|w 2023-01-05
|y BK
|
| 952 |
|
|
|0 0
|1 0
|2 ddc
|4 0
|6 891_443710000000000_WAL
|7 0
|9 72739
|a SCL
|b SCL
|c GEN
|d 2023-01-05
|e Development Book Agency
|g 808.00
|l 2
|m 5
|o 891.44371 WAL
|p 3020040659
|r 2024-04-03
|s 2024-03-21
|t 2
|v 808.00
|w 2023-01-05
|y BK
|